000 00364cam a2200145ua 4500
003 OSt
008 250528b |||||||| |||| 00| 0 eng d
041 _aeng
082 _a624.17
_bPOO/ST
100 _aPoorman, Alfred P .
_97514
245 _aStrength of materials /
260 _aNew York :
_bMcGraw Hill Book Company ,
_c1945.
300 _a339 ; .
942 _cBK
999 _c9238
_d9238